000 00287nam a2200097Ia 4500
005 20251222152003.0
008 251222s9999||||xx |||||||||||||| ||spa||
082 _a630.1/I59/V.16/T.1
245 0 _a"III Censo Nacional Agropecuario, perfil agropecuario: Departamento de Ancash"
942 _cLIB
999 _c24606
_d24606